ASL Assessment of Speaking And Listening Skills XI (With CD) (Record no. 54029)

MARC details
000 -LEADER
fixed length control field 00395nam a2200133Ia 4500
008 - FIXED-LENGTH DATA ELEMENTS--GENERAL INFORMATION
fixed length control field 230524s9999 xx 000 0 und d
100 ## - MAIN ENTRY--AUTHOR NAME
Personal name "Trinity College, London (Based on CBSE Guidelines)"
245 #0 - TITLE STATEMENT
Title ASL Assessment of Speaking And Listening Skills XI (With CD)
250 ## - EDITION STATEMENT
Edition statement 1
260 ## - PUBLICATION, DISTRIBUTION, ETC. (IMPRINT)
Name of publisher Rachna Sagar Pvt.Ltd
500 ## - GENERAL NOTE
General note Quantity Number: 1
650 ## - SUBJECT ADDED ENTRY--TOPICAL TERM
Topical Term English
942 ## - ADDED ENTRY ELEMENTS (KOHA)
Koha item type Books
Holdings
Lost status Damaged status Permanent Location Current Location Shelving location Date acquired Accession Number Koha item type
    Central Library, Trident Academy of Technology Central Library, Trident Academy of Technology General Stacks 05/24/2023 50602 Books
Trident Academy of Technology © 2023.
All rights reserved.                                                                                                                                                                                                        Designed by Team of Central Library .

Powered by Koha